Loading...
Fine Arts - Painting & Sculpture | 0 | 4 | 0 | 0 | 40 | 91 | 111.75 | 0 | 4 |
Mythology | 0 | 4 | 0 | 0 | 40 | 82 | 104.50 | 1 | 4 |
Fine Arts - Other Fine Arts | 0 | 4 | 0 | 0 | 40 | 70 | 82.00 | 4 | 4 |
Other | 0 | 4 | 0 | 0 | 40 | 94 | 102.50 | 1 | 4 |
Literature - British Literature | 0 | 3 | 0 | 0 | 30 | 33 | 107.00 | 3 | 3 |
History - European History | 0 | 3 | 0 | 1 | 30 | 116 | 118.33 | 0 | 3 |
Philosophy | 0 | 2 | 0 | 0 | 20 | 110 | 110.00 | 2 | 2 |
Religion | 0 | 2 | 0 | 0 | 20 | 53 | 53.00 | 2 | 2 |
History - World History | 0 | 3 | 2 | 0 | 20 | 77 | 98.33 | 1 | 3 |
Science - Physics | 0 | 2 | 1 | 0 | 15 | 125 | 125.00 | 0 | 2 |
Social Science | 0 | 1 | 0 | 1 | 10 | 93 | 93.00 | 0 | 1 |
History - American History | 0 | 1 | 0 | 0 | 10 | 101 | 101.00 | 0 | 1 |
Science - Chemistry | 0 | 0 | 0 | 0 | 0 | 0.00 | 0 | 0 | |
Fine Arts - Classical Music | 0 | 0 | 0 | 0 | 0 | 0.00 | 0 | 0 | |
Science - Other Science | 0 | 0 | 2 | 0 | -10 | 0.00 | 0 | 0 | |
History - Other History | 0 | 0 | 2 | 0 | -10 | 0.00 | 0 | 0 |